| 000 | 00639nam a2200205 i 4500 | ||
|---|---|---|---|
| 001 | 95654 | ||
| 003 | ES-MaACL | ||
| 005 | 20230906181740.0 | ||
| 007 | t| | ||
| 008 | 050602s1957 sp ||||1| spa d | ||
| 100 | 1 |
_aLlopis, Jorge. _972829 |
|
| 245 | 1 | 4 |
_aLas mil peores poesías de la lengua castellana con nociones de gramática histórica y preceptiva bastante literaria / _cJorge Llopis. |
| 250 | _a[1ª ed.]. | ||
| 260 |
_aMadrid : _bTaurus, _c1957. |
||
| 300 |
_a352 p. ; _c19 cm. |
||
| 490 | 1 | _aEl club de la sonrisa | |
| 830 | 0 |
_aEl club de la sonrisa _9181145 |
|
| 852 |
_aES-MaACL _jC-12909 _bR.40937 |
||
| 999 |
_c95654 _d95654 |
||